00805nam a2200193 i 4500001000700000003000700007005001700014008004100031080001700072100005000089245009100139250002500230260005800255300003000313651003600343852009000379999001900469952012300488105808SpMaBN20250920063053.0180419q1912 sp a |||| |aspa d a914.3(079.3)1 aMurúa y Valerdi, Agustín, d1874-916465510aTres años en Alemania b: memorias de un pensionado / cAgustín Murúa y Valerdi. a2ª ed. corr. y aum. aBarcelona : bSdad. Gral. de Publicaciones, c[1912?] a400 p. : bil. ; c19 cm. 7aAlemania-xDescripción.97657 aES-MaACLjL-31927 z. - Donat. herederos de la bibl. de Mª del Pilar Costa Palacín c105808d105808 00104070aATENEOMbATENEOMcDEPO2d2018-04-19eDONl0oL-31927p1198728r2023-02-23 00:00:00w2023-02-23yMONOGRAFIA